Library Banner

The latest laws collection / (Record no. 137874)

MARC details
000 -LEADER
fixed length control field 00405nam a22001457a 4500
005 - DATE AND TIME OF LATEST TRANSACTION
control field 20250625114459.0
008 - FIXED-LENGTH DATA ELEMENTS--GENERAL INFORMATION
fixed length control field 250625b |||||||| |||| 00| 0 eng d
040 ## - CATALOGING SOURCE
Transcribing agency PK-LaUMT
082 ## - DEWEY DECIMAL CLASSIFICATION NUMBER
Classification number 348.5491
Item number KHU-L
100 ## - MAIN ENTRY--PERSONAL NAME
Personal name Khurram, Muhammad
245 ## - TITLE STATEMENT
Title The latest laws collection /
Statement of responsibility, etc by Muhammad Khurram
260 ## - PUBLICATION, DISTRIBUTION, ETC. (IMPRINT)
Place of publication, distribution, etc Sheikhupura :
Name of publisher, distributor, etc A. R. Law Publications,
Date of publication, distribution, etc 2025
300 ## - PHYSICAL DESCRIPTION
Extent 256 p.
942 ## - ADDED ENTRY ELEMENTS (KOHA)
Koha item type Books
Holdings
Withdrawn status Lost status Damaged status Home library Current library Date acquired Full call number Barcode Date last seen Price effective from Koha item type
      UMT Main Campus UMT Main Campus 2025-06-25 348.5491 KHU-L 150134 2025-06-25 2025-06-25 Books